North Korea- Legal or Illegal? - Statistics

General Stats
  • This quiz has been taken 308 times
  • The average score is 15 of 25
Answer Stats
Hint Answer % Correct
Leaving North Korea without permission Illegal
85%
Calling Kim Jong-un a big fat meanie Illegal
85%
Using the global internet Illegal
84%
Listening to foreign music Illegal
83%
Watching a film in a foreign language Illegal
82%
Having dyed hair Illegal
81%
Homosexuality Illegal
78%
Wearing jeans Illegal
71%
Practicing religion Illegal
71%
Playing basketball Legal
64%
Eating ice cream Legal
60%
Shaking hands Legal
60%
Growing corn Legal
58%
Driving (if female) Illegal
56%
Using the North Korean internet Legal
56%
Driving (if not a government official) Illegal
52%
Giving birth to triplets Legal
50%
Giving birth in front of others Illegal
48%
Voting in elections Mandatory
48%
Having a phone Legal
47%
Mixed-gender classes in schools Legal
39%
Owning a microwave Illegal
37%
Serving in the military (if female) Mandatory
34%
Owning a restaurant that sells western foods, such as pizza Legal
21%
Consuming marijuana Legal
21%
No matching quizzes found
Score Distribution
Percent of People with Each Score
Percentile by Number Answered
Your Score History
You have not taken this quiz